000 00652nam a2200217 4500
010 _a887918
020 _c32.00(Set)
035 _a887918
037 _bCen Lib / Ret
040 _aDPL
_bEN
082 _a921
_bDES
100 _aDesai, Morarji
245 _aThe story of my life /
_cMorarji Desai
260 _aDelhi
_bMacmillan India
_c1978
270 _a4/16-B, Asaf Ali Road
_bNew Delhi
_e110002
300 _a279p
_b24cm(Hb)
650 _aDesai, Morarji, -- 1896-1995.
650 _aIndia -- Politics and government -- 20th century.
650 _aPrime ministers -- India -- Biography.
942 _2ddc
_cEN
_h921
_mDES
999 _c136575
_d136575